000 00287nam a22001217a 4500
008 260323b ||||| |||| 00| 0 eng d
041 _aShqip
080 _a821.11
100 _a25
101 _aPërralla
245 _aPërralla të Zgjedhura
_cHans Christian Andersen
942 _2udc
_cBK
999 _c60919
_d60919